| 000 | 00497nam a2200205Ia 4500 | ||
|---|---|---|---|
| 008 | 170918s9999 xx 000 0 und d | ||
| 020 | _a9780531187883 | ||
| 050 | _bW429 2007 | ||
| 100 | _aWeiss, Ellen | ||
| 245 | _aFrom eye to potato / | ||
| 245 | _cEllen Weiss. | ||
| 260 | _aNew York : | ||
| 260 | _bScholastic, | ||
| 260 | _c2007 | ||
| 300 | _a24 pages : | ||
| 300 | _bcolored illustration ; | ||
| 300 | _c20cm. | ||
| 440 | _aScholastic news nonfiction readers. | ||
| 500 | _a480 | ||
| 999 |
_c341397 _d341397 |
||